Dickens and religion /

Bibliographic Details
Main Author: Walder, Dennis
Format: Book
Language:English
Published: London ; Boston : Allen & Unwin, 1981.
Subjects:

MARC

Tag First Indicator Second Indicator Subfields
LEADER 00000pam a2200000 a 4500
001 in00000092438
005 20151008064214.0
008 810803s1981 enka b 00110 eng
010 |a  81010983  
020 |a 004800006X 
035 |a (OCoLC)07740435 
035 |9 AAK3737AM 
039 0 |a 2  |b 3  |c 3  |d 3  |e 3 
040 |a DLC  |c DLC  |d TXA  |d UtOrBLW 
049 |a TXAM  |c [1361927] 
050 0 0 |a PR4592.R4  |b W3 1981 
082 0 |a 823/.8  |2 19 
100 1 |a Walder, Dennis. 
245 1 0 |a Dickens and religion /  |c Dennis Walder. 
264 1 |a London ;  |a Boston :  |b Allen & Unwin,  |c 1981. 
300 |a xiv, 232 pages :  |b illustrations ;  |c 22 cm. 
336 |a text  |b txt  |2 rdacontent 
337 |a unmediated  |b n  |2 rdamedia 
338 |a volume  |b nc  |2 rdacarrier 
500 |a Includes index. 
504 |a Bibliography: pages [216]-[224]. 
600 1 0 |a Dickens, Charles,  |d 1812-1870  |x Ethics. 
600 1 0 |a Dickens, Charles,  |d 1812-1870  |x Religion. 
650 0 |a Religion in literature. 
999 |a MARS 
999 f f |s f2571734-6b7f-3006-8db1-dff8c44730df  |i f4016a4b-de81-3ede-a1e6-a9dc20cc50b9  |t 0 
952 f f |p normal  |a Texas A&M University  |b College Station  |c Sterling C. Evans Library  |d Evans: Library Stacks  |t 0  |e PR4592.R4 W3 1981  |h Library of Congress classification  |i unmediated -- volume  |m A14806185075 
998 f f |a PR4592.R4 W3 1981  |t 0  |l Evans: Library Stacks